[Event "Irish Championship 2022"]
[Site "Dublin IRL"]
[Date "2022.07.04"]
[Round "3.11"]
[White "O'Gorman, Alice"]
[Black "Goss, Alex"]
[Result "0-1"]
[WhiteElo "2043"]
[BlackElo "1859"]
[WhiteICU "2075"]
[BlackICU "1782"]
[WhiteClub "Elm Mount"]
[BlackClub "U.C.D."]
[WhiteNationality "IRL"]
[BlackNationality "IRL"]
[WhiteFideId "2508214"]
[BlackFideId "2509407"]
[PlyCount "54"]
[Venue "Talbot Hotel, Stillorgan"]
[EventDate "2022.07.02"]

{ Event information: <a href="../pairings_irlch2022.html">Tournament
report</a>. }

1. c4 e6 2. Nc3 c5 3. e4 Nc6 4. g3 Nf6 5. Bg2 d5 6. exd5 exd5 7. cxd5 Nb4
8. d3 Nbxd5 9. Nge2 Be7 10. O-O O-O 11. d4 Be6 12. Nxd5 Bxd5 13. f3 Rc8 14.
Kh1 Qb6 15. Re1 cxd4 16. Qxd4 Bc5 17. Qa4 Bc6 18. Qh4 Bf2 19. Rd1 Rfd8 20.
Bg5 Rxd1+ 21. Rxd1 Qxb2 22. Bxf6 Qxe2 23. Rg1 Bxf3 24. Qh3 Rc6 25. Bg5 Bxg1
26. Kxg1 Qxg2+ 27. Qxg2 Bxg2 0-1

[Event "Irish Championship 2022"]
[Site "Dublin IRL"]
[Date "2022.07.04"]
[Round "3.12"]
[White "Keogh, Eamon"]
[Black "Liu, Jason"]
[Result "1/2-1/2"]
[WhiteTitle "NM"]
[WhiteElo "1931"]
[BlackElo "1746"]
[WhiteICU "1839"]
[BlackICU "1672"]
[WhiteClub "Kilkenny"]
[BlackClub "Blanchardstown"]
[WhiteNationality "IRL"]
[BlackNationality "IRL"]
[WhiteFideId "2500264"]
[BlackFideId "2514656"]
[PlyCount "72"]
[Venue "Talbot Hotel, Stillorgan"]
[EventDate "2022.07.02"]

{ Event information: <a href="../pairings_irlch2022.html">Tournament
report</a>. }

1. e4 e6 2. d4 d5 3. e5 c5 4. c3 Nc6 5. Nf3 Bd7 6. Be2 Qb6 7. O-O Nge7 8.
a4 cxd4 9. a5 Nxa5 10. Nxd4 Nec6 11. Be3 Nxd4 12. Bxd4 Qd8 13. Na3 Nc6 14.
f4 Be7 15. Nc2 Nxd4 16. Nxd4 O-O 17. Kh1 Bc5 18. Bd3 Bxd4 19. cxd4 Qb6 20.
f5 exf5 21. Bxf5 Bxf5 22. Rxf5 Qe6 23. Qd3 f6 24. Raf1 fxe5 25. dxe5 Rxf5
26. Rxf5 Rf8 27. Rxf8+ Kxf8 28. Qd4 b6 29. h3 Kg8 30. b4 Qc6 31. Qg4 h6 32.
e6 Qd6 33. Qf5 Qe7 34. Qxd5 a5 35. bxa5 bxa5 36. Qxa5 Kf8 1/2-1/2

[Event "Irish Championship 2022"]
[Site "Dublin IRL"]
[Date "2022.07.05"]
[Round "4.1"]
[White "Li, Henry"]
[Black "Kanyamarala, Tarun"]
[Result "0-1"]
[WhiteTitle "FM"]
[BlackTitle "FM"]
[WhiteElo "2319"]
[BlackElo "2379"]
[WhiteICU "2304"]
[BlackICU "2356"]
[WhiteClub "Gonzaga"]
[BlackClub "Balbriggan"]
[WhiteNationality "IRL"]
[BlackNationality "IRL"]
[WhiteFideId "2508524"]
[BlackFideId "45004714"]
[PlyCount "56"]
[Venue "Talbot Hotel, Stillorgan"]
[EventDate "2022.07.02"]

{ Event information: <a href="../pairings_irlch2022.html">Tournament
report</a>. }

1. e4 c5 2. Nc3 d6 3. d4 cxd4 4. Qxd4 Nc6 5. Qd2 g6 6. b3 Bh6 7. f4 Nf6 8.
Bb2 O-O 9. O-O-O e5 10. g3 Re8 11. Bg2 exf4 12. gxf4 Bg4 13. Rf1 a5 14. h3
Bh5 15. a4 Nb4 16. Nf3 d5 17. e5 Bxf3 18. Bxf3 Rxe5 19. Nxd5 Rxd5 20. Bxd5
Nfxd5 21. Qd4 f6 22. Kb1 Qc8 23. Rh2 Qf5 24. Ka1 Rc8 25. c4 Bxf4 26. Rhf2
Qxh3 27. Qd1 Ne3 28. Qe2 Re8 0-1

[Event "Irish Championship 2022"]
[Site "Dublin IRL"]
[Date "2022.07.05"]
[Round "4.2"]
[White "Baburin, Alexander"]
[Black "O'Gorman, Tom"]
[Result "1/2-1/2"]
[WhiteTitle "GM"]
[BlackTitle "FM"]
[WhiteElo "2400"]
[BlackElo "2401"]
[WhiteICU "2360"]
[BlackICU "2367"]
[WhiteClub "Kilkenny"]
[WhiteNationality "IRL"]
[BlackNationality "IRL"]
[WhiteFideId "2500914"]
[BlackFideId "2508249"]
[PlyCount "76"]
[Venue "Talbot Hotel, Stillorgan"]
[EventDate "2022.07.02"]

{ Event information: <a href="../pairings_irlch2022.html">Tournament
report</a>. }

1. d4 d5 2. c4 e6 3. Nf3 a6 4. e3 Nf6 5. Nc3 Be7 6. a3 O-O 7. c5 Nbd7 8. b4
c6 9. Bb2 Qc7 10. Be2 e5 11. O-O e4 12. Nd2 Ne8 13. a4 f5 14. b5 f4 15.
exf4 Qxf4 16. bxc6 bxc6 17. Bc1 Qf6 18. Nb3 Nxc5 19. Nxd5 cxd5 20. dxc5 Nc7
21. Be3 Rb8 22. Rc1 Rd8 23. Nd4 Rb4 24. a5 Bd7 25. c6 (25. Qd2 Rdb8 26. f3
$16) 25... Be8 26. Qd2 (26. f3 $16) 26... h6 27. Rb1 $6 (27. f3 $16) 27...
Rdb8 28. Qc2 Bd6 29. Rxb4 Rxb4 30. Rd1 $10 Be5 31. Qc5 Qd6 32. Qxd6 Bxd6
33. Nf5 Be5 34. Ne7+ Kf7 35. Nxd5 Nxd5 36. Rxd5 Rb1+ 37. Rd1 Rxd1+ 38. Bxd1
Bxc6 1/2-1/2

[Event "Irish Championship 2022"]
[Site "Dublin IRL"]
[Date "2022.07.05"]
[Round "4.4"]
[White "O'Donnell, Conor"]
[Black "Mats, Diana"]
[Result "1-0"]
[WhiteTitle "FM"]
[WhiteElo "2269"]
[BlackElo "2028"]
[WhiteICU "2276"]
[WhiteClub "Gonzaga"]
[WhiteNationality "IRL"]
[BlackNationality "UKR"]
[WhiteFideId "2504243"]
[BlackFideId "14138611"]
[PlyCount "81"]
[Venue "Talbot Hotel, Stillorgan"]
[EventDate "2022.07.02"]

{ Event information: <a href="../pairings_irlch2022.html">Tournament
report</a>. }

1. e4 c5 2. Nf3 Nc6 3. d4 cxd4 4. Nxd4 g6 5. c4 Bg7 6. Be3 Nf6 7. Nc3 Nxd4
8. Qxd4 d6 9. Be2 O-O 10. Qd2 Be6 11. O-O Rc8 12. b3 Nd7 13. Rac1 Nc5 14.
f3 a5 15. Kh1 f5 16. exf5 gxf5 17. Rfe1 Qe8 18. Bf1 Qf7 19. Ne2 Bd7 20. Nf4
a4 21. b4 Ne6 22. c5 Nxf4 23. Bxf4 e5 24. Bh6 dxc5 25. Bc4 Be6 26. Bxg7
Kxg7 27. Bxe6 Qxe6 28. bxc5 Rfe8 29. Qb2 Kg8 30. Qxb7 Rb8 31. Qa7 Qxa2 32.
c6 Ra8 33. Qc5 Qe6 34. f4 e4 35. Re3 Kf7 36. Rh3 h6 37. c7 e3 38. Re1 e2
39. Rd3 Re7 40. Rd5 Kg8 41. Re5 1-0

[Event "Irish Championship 2022"]
[Site "Dublin IRL"]
[Date "2022.07.05"]
[Round "4.5"]
[White "Keenan, Cathal"]
[Black "Flynn, Jacob"]
[Result "1/2-1/2"]
[BlackTitle "CM"]
[WhiteElo "1811"]
[BlackElo "2199"]
[WhiteICU "1883"]
[BlackICU "2189"]
[BlackClub "Malahide"]
[WhiteNationality "IRL"]
[BlackNationality "IRL"]
[WhiteFideId "2516853"]
[BlackFideId "2509393"]
[PlyCount "276"]
[Venue "Talbot Hotel, Stillorgan"]
[EventDate "2022.07.02"]

{ Event information: <a href="../pairings_irlch2022.html">Tournament
report</a>. }

1. e4 d6 2. d4 Nf6 3. Nc3 e5 4. Nge2 exd4 5. Nxd4 Be7 6. g3 O-O 7. Bg2 c6
8. O-O Re8 9. Re1 Qc7 10. h3 Nbd7 11. g4 Nc5 12. b3 Bf8 13. Bb2 Ne6 14.
Nde2 b5 15. Qd2 Bb7 16. Ng3 Nd7 17. Rad1 Nb6 18. f4 b4 19. Nce2 c5 20. f5
Nd4 21. Nxd4 cxd4 22. Qxd4 d5 23. Qd3 dxe4 24. Nxe4 Nd5 25. Qc4 Qb6+ 26.
Bd4 Qh6 27. Nc5 Nb6 28. Qf1 Rxe1 29. Rxe1 Qd2 30. Qf2 Qxf2+ 31. Bxf2 Bxg2
32. Kxg2 Rc8 33. Re2 g6 34. Nd3 Nd5 35. Bxa7 Ra8 36. Bd4 gxf5 37. gxf5 f6
38. Kf3 Rxa2 39. Re8 Kf7 40. Rd8 Ra5 41. Ke4 Ne7 42. Bc5 Ra1 43. Bxb4 Rh1
44. Nf4 Rh2 45. Kd3 Bh6 46. Rd7 Bxf4 47. Rxe7+ Kg8 48. Ke4 Be5 49. Re8+ (
49. Bc5 Rxc2 50. b4 $18) 49... Kf7 50. Rc8 Rxh3 51. Bd2 (51. Kd5 Rh2 52. c4
Rh3 53. Kc6 Rxb3 54. Bd6 Bxd6 55. Kxd6 $16) 51... h5 52. b4 Rh2 53. Be3 $2
(53. Kd3 $16) 53... Rh4+ 54. Kf3 Rxb4 $10 55. Rh8 Rh4 56. c4 Rxc4 57. Rh7+
Ke8 58. Rxh5 Kd7 59. Rh8 Ra4 60. Rg8 Kc6 61. Rc8+ Kd5 62. Rc5+ Kd6 63. Rc8
Rh4 64. Rd8+ Kc6 65. Rc8+ Kd5 66. Rc5+ Kd6 67. Rc8 Rh3+ 68. Ke4 Rh4+ 69.
Kf3 Ra4 70. Rg8 Kd5 71. Rd8+ Bd6 72. Re8 Rh4 73. Re6 Be5 74. Ra6 Rh3+ 75.
Ke2 Ke4 76. Ra4+ Kxf5 77. Kf2 Rh2+ 78. Kf3 Rh3+ 79. Kf2 Rh1 80. Kg2 Rb1 81.
Bd4 Bd6 82. Ra6 Be7 83. Kf3 Rb3+ 84. Ke2 Rh3 85. Kf2 Rd3 86. Ba1 Kg5 87.
Ke2 Rh3 88. Bxf6+ Bxf6 89. Ra4 Kf5 90. Rc4 Be5 91. Kd2 Ke6 92. Ke2 Kd5 93.
Rg4 Bd4 94. Rf4 Re3+ 95. Kd2 Kc4 96. Rf8 Rh3 97. Rc8+ Bc5 98. Ke2 Re3+ 99.
Kd2 Rf3 100. Re8 Rf6 101. Re2 Ra6 102. Re4+ Bd4 103. Ke2 Rf6 104. Kd2 Rb6
105. Ke2 Rb3 106. Re8 Rh3 107. Re4 Kd5 108. Re8 Be5 109. Kd2 Ke4 110. Kc2
Rc3+ 111. Kd2 Ra3 112. Rc8 Ra2+ 113. Rc2 Ra3 114. Rc4+ Bd4 115. Kc2 Ra2+
116. Kb3 Rb2+ 117. Ka4 Kd5 118. Rb4 Rc2 119. Kb3 Rc3+ 120. Ka2 Kc5 121. Rb7
Rc2+ 122. Kb1 Rf2 123. Rc7+ Kb4 124. Rc2 Rf8 125. Kc1 Bc3 126. Kd1 Kb3 127.
Rg2 { (Only move.) } 127... Re8 128. Rg1 Re6 129. Rf1 Re4 130. Rg1 Kc4 131.
Rg3 Re1+ 132. Kc2 Re2+ 133. Kd1 Rd2+ 134. Kc1 Kb3 135. Rg8 $2 ({ White has
defended flawlessly to here, but finally errs, though would be saved by the
fifty move rule anyway. } 135. Re3 (135. Rf3 (135. Rh3)) { was necessary. }
) 135... Re2 $2 (135... Rd3 $1 { (only move) would be winning, were it not
for the fifty move rule. }) 136. Rb8+ Bb4 137. Rd8 Re7 138. Rd3+ Bc3
1/2-1/2

[Event "Irish Championship 2022"]
[Site "Dublin IRL"]
[Date "2022.07.05"]
[Round "4.6"]
[White "Fox, Anthony"]
[Black "Carroll, Peter"]
[Result "0-1"]
[BlackTitle "CM"]
[WhiteElo "1945"]
[BlackElo "2116"]
[WhiteICU "1928"]
[BlackICU "2139"]
[WhiteClub "Dun Laoghaire"]
[BlackClub "Gonzaga"]
[WhiteNationality "IRL"]
[BlackNationality "IRL"]
[WhiteFideId "2500736"]
[BlackFideId "2510243"]
[PlyCount "140"]
[Venue "Talbot Hotel, Stillorgan"]
[EventDate "2022.07.02"]

{ Event information: <a href="../pairings_irlch2022.html">Tournament
report</a>. }

1. e4 c5 2. Nc3 Nc6 3. g3 g6 4. Bg2 Bg7 5. d3 Rb8 6. Be3 b5 7. Qd2 b4 8.
Nd1 d6 9. Ne2 Qb6 10. O-O Nd4 11. c3 Nxe2+ 12. Qxe2 bxc3 13. bxc3 Ba6 14.
Rc1 Nf6 15. f4 O-O 16. g4 Nd7 17. g5 Qb5 18. Nf2 Qa5 19. Qd2 Qa3 20. Rc2
Bb5 21. Qc1 Qa5 22. Qa1 Ba4 23. Rcc1 Rb6 24. Rfe1 Rfb8 25. Re2 Rb5 26. Bh3
e6 27. Bg4 Qb6 28. Ree1 Rb2 29. h4 Qa5 30. d4 Bc2 31. a3 cxd4 32. cxd4 Qa4
33. e5 Qb3 34. Bd1 Ra2 35. Bxc2 Qxa3 36. Ba4 Qxa4 37. Qc3 d5 38. Qc6 Qxc6
39. Rxc6 Nb6 40. Rb1 Bf8 41. Ng4 Bg7 42. Rb3 Ra4 43. Kf2 Rc4 44. Rc5 Rc8
45. Ra3 Rc7 46. Rxc7 Rxc7 47. Rb3 Rc4 48. Ke2 Kf8 49. Kd3 Ke8 50. Bd2 Kd7
51. Ra3 Ra4 52. Rxa4 Nxa4 53. Kc2 Kc6 54. Kb3 Kb5 55. Bb4 a5 56. Be7 Nb6
57. Ne3 h5 58. Bd6 Nd7 59. Nc2 Bf8 60. Na3+ Ka6 61. Bxf8 Nxf8 62. Nb1 Nd7
63. Nc3 Nb6 64. Ka3 Nc4+ 65. Kb3 Nd2+ 66. Ka4 Nf3 67. Nb5 Nxh4 68. Nd6 Nf5
69. Nxf7 h4 70. Nh6 Nxd4 0-1

[Event "Irish Championship 2022"]
[Site "Dublin IRL"]
[Date "2022.07.05"]
[Round "4.7"]
[White "O'Connell, Gerard"]
[Black "Venkatesan, Kavin"]
[Result "1-0"]
[WhiteElo "2052"]
[BlackElo "2076"]
[WhiteICU "2003"]
[BlackICU "2038"]
[WhiteClub "St. Benildus"]
[BlackClub "St. Benildus"]
[WhiteNationality "IRL"]
[BlackNationality "IRL"]
[WhiteFideId "2500493"]
[BlackFideId "2512602"]
[PlyCount "159"]
[Venue "Talbot Hotel, Stillorgan"]
[EventDate "2022.07.02"]

{ Event information: <a href="../pairings_irlch2022.html">Tournament
report</a>. }

1. d4 Nf6 2. Nf3 e6 3. g3 d5 4. Bg2 Be7 5. O-O O-O 6. c4 b6 7. Qc2 Bb7 8.
Bg5 h6 9. Bxf6 Bxf6 10. Nc3 Na6 11. a3 c6 12. cxd5 cxd5 13. Rfd1 Rc8 14.
Qd2 Qe7 15. Rac1 Rfd8 16. Qf4 Rc4 17. Qe3 Nb8 18. Qd2 Nd7 19. e3 Nf8 20.
Bf1 Rcc8 21. Ne5 Bxe5 22. dxe5 f6 23. exf6 Qxf6 24. Nb5 d4 25. Bg2 dxe3 26.
Qxe3 Rxc1 27. Rxc1 Qxb2 28. Nxa7 Rd3 29. Qxd3 Qxc1+ 30. Bf1 Qc7 31. Be2 Be4
32. Qxe4 Qxa7 33. a4 Qd7 34. Bd3 Qd5 35. Qe2 Qc6 36. Bb5 Qd6 37. Kg2 Qd5+
38. Qf3 Qxf3+ 39. Kxf3 Kf7 40. Ke4 Ke7 41. f4 Kd6 42. h4 Nh7 43. Kd4 Nf6
44. Be2 Ng8 45. Kc4 Nf6 46. Kb5 Nd7 47. Bg4 Nc5 $2 (47... Nf6 $10) 48. Bf3
$1 $18 Nd7 49. Bc6 Nb8 50. Be8 Kc7 51. h5 $6 (51. g4 $18) 51... Kb7 52. Bf7
$2 (52. g4 $16) 52... Nc6 (52... Na6 $10) 53. Kc4 Nd8 54. Bg8 Kc7 $2 (54...
Kc6 $14) 55. Kd4 (55. f5 $1 $16) 55... Nc6+ 56. Kc4 Nd8 $2 (56... Na5+ $10)
57. Bh7 $2 (57. f5 $1 exf5 58. Kd5 $16) 57... Nc6 58. Be4 Nb8 59. f5 exf5
60. Bxf5 Nc6 $2 (60... Kd6 $10) 61. Kd5 $18 Nd8 62. Be6 Nc6 63. Bg4 Nd8 64.
Ke5 Kc6 65. Kf5 Nf7 66. Be2 Kc5 67. Kg6 Nd6 68. g4 Kb4 69. Bd1 Ne4 70. Kxg7
Nf2 71. Bf3 Kxa4 72. Kxh6 b5 73. g5 b4 74. g6 b3 75. g7 b2 76. g8=Q b1=Q
77. Qa8+ Kb3 78. Qb7+ Kc2 79. Be4+ Nxe4 80. Qxe4+ 1-0

[Event "Irish Championship 2022"]
[Site "Dublin IRL"]
[Date "2022.07.05"]
[Round "4.8"]
[White "Doyle, Tony"]
[Black "O'Cuilleanain, Oisin"]
[Result "1/2-1/2"]
[WhiteTitle "NM"]
[WhiteElo "2116"]
[BlackElo "1936"]
[WhiteICU "1906"]
[BlackICU "1959"]
[BlackClub "Ballyroan"]
[WhiteNationality "IRL"]
[BlackNationality "IRL"]
[WhiteFideId "2500329"]
[BlackFideId "2514249"]
[PlyCount "71"]
[Venue "Talbot Hotel, Stillorgan"]
[EventDate "2022.07.02"]
[BlackFullName "O'Cuilleanain, Ois&iacute;n"]

{ Event information: <a href="../pairings_irlch2022.html">Tournament
report</a>. }

1. Nf3 Nf6 2. g3 b5 3. Bg2 Bb7 4. O-O e6 5. a4 b4 6. a5 c5 7. d3 Be7 8. c3
O-O 9. cxb4 cxb4 10. Nbd2 d6 11. Nb3 a6 12. Bd2 Nc6 13. Qb1 Nd7 14. Qa2 Nc5
15. Nxc5 dxc5 16. Ne5 Qc7 17. Nxc6 Bxc6 18. Bxc6 Qxc6 19. Rfc1 Qd5 20. Be3
Rfc8 21. Qc4 Qb7 22. b3 h5 23. Ra2 Rd8 24. Qe4 Ra7 25. Qxb7 Rxb7 26. Bxc5
Rc7 27. Rac2 Rdc8 28. d4 Bxc5 29. dxc5 $2 (29. Rxc5 $18) 29... Rc6 30. Rc4
Rb8 31. Rd1 Rb5 32. Rd8+ Kh7 33. Rd6 Rcxc5 34. Rxc5 Rxc5 35. Rxa6 Rc3 36.
Ra7 1/2-1/2

[Event "Irish Championship 2022"]
[Site "Dublin IRL"]
[Date "2022.07.05"]
[Round "4.9"]
[White "Ivanov, Andrey"]
[Black "Cafolla, Peter"]
[Result "1/2-1/2"]
[WhiteElo "1844"]
[BlackElo "1937"]
[WhiteICU "1805"]
[BlackICU "1893"]
[WhiteClub "Malahide"]
[BlackClub "Rathmines"]
[WhiteNationality "IRL"]
[BlackNationality "IRL"]
[WhiteFideId "2514311"]
[BlackFideId "2500884"]
[PlyCount "71"]
[Venue "Talbot Hotel, Stillorgan"]
[EventDate "2022.07.02"]

{ Event information: <a href="../pairings_irlch2022.html">Tournament
report</a>. }

1. e4 c6 2. Nc3 d5 3. Nf3 Nf6 4. e5 Ne4 5. d3 Nxc3 6. bxc3 e6 7. Be2 c5 8.
d4 Nc6 9. O-O Be7 10. Re1 O-O 11. Bf1 Bd7 12. Rb1 Qc7 13. Bd3 f6 14. exf6
Bxf6 15. Ng5 Bxg5 16. Bxg5 c4 17. Bf1 Rf5 18. Bh4 Re8 19. Bg3 Qc8 20. Be2
b6 21. Bg4 Rf7 22. Qe2 Qd8 23. f3 Qf6 24. Rbd1 Qe7 25. Qe3 b5 26. Re2 Qa3
27. Rde1 b4 28. Qg5 h6 29. Qh5 Qxc3 30. Bxe6 Bxe6 31. Rxe6 Rxe6 32. Rxe6
Qa1+ 33. Re1 Qxd4+ 34. Bf2 Qd2 35. Re8+ Rf8 36. Rxf8+ 1/2-1/2

[Event "Irish Championship 2022"]
[Site "Dublin IRL"]
[Date "2022.07.05"]
[Round "4.10"]
[White "Kennedy, John P. A."]
[Black "Keogh, Eamon"]
[Result "1-0"]
[BlackTitle "NM"]
[WhiteElo "2047"]
[BlackElo "1931"]
[WhiteICU "1985"]
[BlackICU "1839"]
[WhiteClub "Dublin"]
[BlackClub "Kilkenny"]
[WhiteNationality "IRL"]
[BlackNationality "IRL"]
[WhiteFideId "2501120"]
[BlackFideId "2500264"]
[PlyCount "39"]
[Venue "Talbot Hotel, Stillorgan"]
[EventDate "2022.07.02"]

{ Event information: <a href="../pairings_irlch2022.html">Tournament
report</a>. }

1. Nf3 g6 2. g3 Bg7 3. d4 Nf6 4. Bg2 d5 5. O-O O-O 6. c4 c6 7. Nc3 Re8 8.
Ne5 Bf5 9. Qb3 dxc4 10. Qxb7 Qxd4 11. Qxa8 Nbd7 12. Nxc6 Qd6 13. Qxa7 e5
14. Nb5 Qf8 15. Bd2 Nc5 16. Bb4 Nfd7 17. Rfd1 e4 18. Rxd7 Ra8 19. Qxa8 Qxa8
20. Rd8+ 1-0

[Event "Irish Championship 2022"]
[Site "Dublin IRL"]
[Date "2022.07.05"]
[Round "4.11"]
[White "Liu, Jason"]
[Black "O'Gorman, Alice"]
[Result "0-1"]
[WhiteElo "1746"]
[BlackElo "2043"]
[WhiteICU "1672"]
[BlackICU "2075"]
[WhiteClub "Blanchardstown"]
[BlackClub "Elm Mount"]
[WhiteNationality "IRL"]
[BlackNationality "IRL"]
[WhiteFideId "2514656"]
[BlackFideId "2508214"]
[PlyCount "70"]
[Venue "Talbot Hotel, Stillorgan"]
[EventDate "2022.07.02"]

{ Event information: <a href="../pairings_irlch2022.html">Tournament
report</a>. }

1. e4 c5 2. Nf3 d6 3. d4 cxd4 4. Nxd4 Nf6 5. Nc3 a6 6. Bc4 e6 7. Bb3 b5 8.
Be3 Be7 9. Qe2 O-O 10. O-O-O Bd7 11. a3 Qc7 12. f3 Nc6 13. g4 Rfb8 14. g5
Ne8 15. Nxc6 Qxc6 16. h4 a5 17. Rd4 Bd8 18. h5 Bb6 19. Rd2 a4 20. Ba2 b4
21. Nd5 exd5 22. Bxd5 Qc7 23. g6 Be6 24. h6 bxa3 25. hxg7 axb2+ 26. Kb1
Nxg7 27. Rxh7 a3 28. gxf7+ Qxf7 29. Rxg7+ Kxg7 30. Qg2+ Qg6 31. Bxb6 a2+
32. Bxa2 Bxa2+ 33. Kxb2 Rxb6+ 34. Kc3 Qxg2 35. Rxg2+ Kf6 0-1

[Event "Irish Championship 2022"]
[Site "Dublin IRL"]
[Date "2022.07.06"]
[Round "5.1"]
[White "Kanyamarala, Tarun"]
[Black "O'Donnell, Conor"]
[Result "1/2-1/2"]
[WhiteTitle "FM"]
[BlackTitle "FM"]
[WhiteElo "2379"]
[BlackElo "2269"]
[WhiteICU "2356"]
[BlackICU "2276"]
[WhiteClub "Balbriggan"]
[BlackClub "Gonzaga"]
[WhiteNationality "IRL"]
[BlackNationality "IRL"]
[WhiteFideId "45004714"]
[BlackFideId "2504243"]
[PlyCount "47"]
[Venue "Talbot Hotel, Stillorgan"]
[EventDate "2022.07.02"]

{ Event information: <a href="../pairings_irlch2022.html">Tournament
report</a>. }

1. d4 d5 2. c4 dxc4 3. e3 Nf6 4. Bxc4 e6 5. Nf3 a6 6. O-O c5 7. Re1 b5 8.
Bd3 Bb7 9. a4 b4 10. Nbd2 Be7 11. Qe2 Nbd7 12. Nc4 O-O 13. a5 Qb8 14. e4
cxd4 15. e5 Bxf3 16. Qxf3 Nd5 17. Be4 Qb5 18. Qd3 g6 19. Qxd4 Rfd8 20. Bh6
Bc5 21. Qd3 Be7 22. Qd4 Bc5 23. Qd3 Be7 24. Qd4 1/2-1/2

[Event "Irish Championship 2022"]
[Site "Dublin IRL"]
[Date "2022.07.06"]
[Round "5.2"]
[White "O'Gorman, Tom"]
[Black "Keenan, Cathal"]
[Result "1-0"]
[WhiteTitle "FM"]
[WhiteElo "2401"]
[BlackElo "1811"]
[WhiteICU "2367"]
[BlackICU "1883"]
[WhiteNationality "IRL"]
[BlackNationality "IRL"]
[WhiteFideId "2508249"]
[BlackFideId "2516853"]
[PlyCount "55"]
[Venue "Talbot Hotel, Stillorgan"]
[EventDate "2022.07.02"]

{ Event information: <a href="../pairings_irlch2022.html">Tournament
report</a>. }

1. c4 Nf6 2. Nf3 g6 3. d4 Bg7 4. g3 O-O 5. Bg2 d6 6. O-O Nc6 7. Nc3 e5 8.
dxe5 Nxe5 9. b3 c6 10. Be3 Qe7 11. Rc1 Rd8 12. Nd4 Ned7 13. Qd2 Nc5 14. Bg5
Qf8 15. b4 Ne6 16. Nxe6 Bxe6 17. Qf4 Nh5 18. Qf3 Bh6 19. Ne4 f5 20. Qe3
Bxg5 21. Nxg5 Bf7 22. b5 d5 23. bxc6 bxc6 24. cxd5 cxd5 25. Rc7 d4 26. Qe5
Bxa2 27. Bxa8 Rxa8 28. Ra1 1-0

[Event "Irish Championship 2022"]
[Site "Dublin IRL"]
[Date "2022.07.06"]
[Round "5.3"]
[White "Ryan, Joe"]
[Black "Baburin, Alexander"]
[Result "0-1"]
[WhiteTitle "FM"]
[BlackTitle "GM"]
[WhiteElo "2270"]
[BlackElo "2400"]
[WhiteICU "2288"]
[BlackICU "2360"]
[WhiteClub "Valls ESP"]
[BlackClub "Kilkenny"]
[WhiteNationality "IRL"]
[BlackNationality "IRL"]
[WhiteFideId "2500426"]
[BlackFideId "2500914"]
[PlyCount "86"]
[Venue "Talbot Hotel, Stillorgan"]
[EventDate "2022.07.02"]

{ Event information: <a href="../pairings_irlch2022.html">Tournament
report</a>. }

1. e4 Nf6 2. e5 Nd5 3. c4 Nb6 4. d4 d6 5. exd6 cxd6 6. Nc3 g6 7. Be3 Bg7 8.
Rc1 O-O 9. b3 Bf5 10. Be2 e5 11. d5 Na6 12. h4 Bc8 13. h5 f5 14. hxg6 hxg6
15. g4 Nd7 16. gxf5 gxf5 17. Nf3 f4 18. Bd2 Nf6 19. Ng5 Bf5 20. Ne6 Bxe6
21. dxe6 Nc5 22. Nd5 Nxe6 23. Bf3 Nc5 24. Nxf6+ Rxf6 25. Bd5+ Kf8 26. Qc2
e4 27. Bc3 Nd3+ 28. Kd1 Qb6 29. Rg1 $4 (29. Rh2 $14) 29... Nxf2+ $19 30.
Ke1 Qe3+ 31. Kf1 Nd3 32. Rxg7 Qf3+ 33. Kg1 Kxg7 34. Rd1 Qe3+ 35. Kf1 Qf3+
36. Kg1 Rh8 37. Qg2+ Qxg2+ 38. Kxg2 Ne5 39. Bxe4 b6 40. Rd5 Rh5 41. b4 f3+
42. Kg1 f2+ 43. Kf1 Rg5 0-1

[Event "Irish Championship 2022"]
[Site "Dublin IRL"]
[Date "2022.07.06"]
[Round "5.4"]
[White "Carroll, Peter"]
[Black "Li, Henry"]
[Result "1/2-1/2"]
[WhiteTitle "CM"]
[BlackTitle "FM"]
[WhiteElo "2116"]
[BlackElo "2319"]
[WhiteICU "2139"]
[BlackICU "2304"]
[WhiteClub "Gonzaga"]
[BlackClub "Gonzaga"]
[WhiteNationality "IRL"]
[BlackNationality "IRL"]
[WhiteFideId "2510243"]
[BlackFideId "2508524"]
[PlyCount "34"]
[Venue "Talbot Hotel, Stillorgan"]
[EventDate "2022.07.02"]

{ Event information: <a href="../pairings_irlch2022.html">Tournament
report</a>. }

1. d4 Nf6 2. Nc3 d5 3. Bf4 g6 4. e3 Bg7 5. Nb5 Na6 6. h3 c6 7. Nc3 Nb8 8.
Nf3 O-O 9. Be2 Qb6 10. Rb1 a5 11. Na4 Qd8 12. O-O Nfd7 13. b3 b5 14. Nb2
Nb6 15. c4 b4 16. Bd3 Ba6 17. e4 e6 1/2-1/2

[Event "Irish Championship 2022"]
[Site "Dublin IRL"]
[Date "2022.07.06"]
[Round "5.5"]
[White "O'Connell, Gerard"]
[Black "Daly, Colm"]
[Result "0-1"]
[BlackTitle "FM"]
[WhiteElo "2052"]
[BlackElo "2190"]
[WhiteICU "2003"]
[BlackICU "2189"]
[WhiteClub "St. Benildus"]
[BlackClub "Bray/Greystones"]
[WhiteNationality "IRL"]
[BlackNationality "IRL"]
[WhiteFideId "2500493"]
[BlackFideId "2500434"]
[PlyCount "59"]
[Venue "Talbot Hotel, Stillorgan"]
[EventDate "2022.07.02"]

{ Event information: <a href="../pairings_irlch2022.html">Tournament
report</a>. }

1. d4 e6 2. Nf3 Nf6 3. g3 b5 4. Bg2 Bb7 5. O-O Be7 6. a4 b4 7. c4 O-O 8.
Nbd2 c5 9. dxc5 Na6 10. Nb3 Nxc5 11. Nxc5 Bxc5 12. Bf4 Rc8 13. b3 d6 14.
Nd2 Bxg2 15. Kxg2 h6 16. Nf3 Re8 17. Bc1 e5 18. Bb2 Qb6 19. e3 Rcd8 20. Qc2
Qc6 21. Rad1 Re6 22. Rfe1 Rf8 23. e4 Ng4 24. Re2 f5 25. Rd5 Ref6 26. Nd2 f4
27. Qd3 fxg3 28. f3 Nf2 29. Qb1 Qc8 30. Kg1 0-1